<?xml version="1.0" encoding="UTF-8"?>
<record
    xmlns:xsi="http://www.w3.org/2001/XMLSchema-instance"
    xsi:schemaLocation="http://www.loc.gov/MARC21/slim http://www.loc.gov/standards/marcxml/schema/MARC21slim.xsd"
    xmlns="http://www.loc.gov/MARC21/slim">

  <leader>00717nam a22001817a 4500</leader>
  <datafield tag="999" ind1=" " ind2=" ">
    <subfield code="c">62994</subfield>
    <subfield code="d">62994</subfield>
  </datafield>
  <controlfield tag="003">Ge_BSU</controlfield>
  <controlfield tag="005">20250424140426.0</controlfield>
  <controlfield tag="008">250424s2022    ge ||||| |||| 00| 0 geo d</controlfield>
  <datafield tag="041" ind1=" " ind2=" ">
    <subfield code="a">geo</subfield>
  </datafield>
  <datafield tag="080" ind1=" " ind2=" ">
    <subfield code="a">635.9(479.223) :58 &#x10EA;-98</subfield>
  </datafield>
  <datafield tag="100" ind1=" " ind2=" ">
    <subfield code="a">&#x10EA;&#x10EE;&#x10DD;&#x10D8;&#x10EB;&#x10D4;, &#x10D7;&#x10D0;&#x10DB;&#x10D0;&#x10E0;&#x10D0;</subfield>
    <subfield code="9">24939</subfield>
  </datafield>
  <datafield tag="245" ind1=" " ind2=" ">
    <subfield code="a">&#x10DC;&#x10D4;&#x10D9;&#x10D4;&#x10E0;&#x10E9;&#x10EE;&#x10DA;&#x10D4;&#x10D1;&#x10D8;&#x10E1; &#x10DB;&#x10E0;&#x10D0;&#x10D5;&#x10D0;&#x10DA;&#x10E4;&#x10D4;&#x10E0;&#x10DD;&#x10D5;&#x10DC;&#x10D4;&#x10D1;&#x10D0; &#x10D1;&#x10D0;&#x10D7;&#x10E3;&#x10DB;&#x10D8;&#x10E1; &#x10D1;&#x10DD;&#x10E2;&#x10D0;&#x10DC;&#x10E3;&#x10D9;&#x10E3;&#x10E0; &#x10D1;&#x10D0;&#x10E6;&#x10E8;&#x10D8; / </subfield>
    <subfield code="c">&#x10D7;&#x10D0;&#x10DB;&#x10D0;&#x10E0; &#x10EA;&#x10EE;&#x10DD;&#x10D8;&#x10EB;&#x10D4;.</subfield>
  </datafield>
  <datafield tag="264" ind1=" " ind2=" ">
    <subfield code="a">&#x10D1;&#x10D0;&#x10D7;&#x10E3;&#x10DB;&#x10D8;,</subfield>
    <subfield code="c">2022.</subfield>
  </datafield>
  <datafield tag="300" ind1=" " ind2=" ">
    <subfield code="a">84 &#x10D2;&#x10D5;.:</subfield>
    <subfield code="b">&#x10D8;&#x10DA;.</subfield>
    <subfield code="c">22 &#x10E1;&#x10DB;.</subfield>
  </datafield>
  <datafield tag="504" ind1=" " ind2=" ">
    <subfield code="a">&#x10D1;&#x10D8;&#x10D1;&#x10DA;&#x10D8;&#x10DD;&#x10D2;&#x10E0;. &#x10D2;&#x10D5;. 78-79</subfield>
  </datafield>
  <datafield tag="653" ind1=" " ind2=" ">
    <subfield code="a">&#x10DC;&#x10D4;&#x10D9;&#x10D4;&#x10E0;&#x10E9;&#x10EE;&#x10D0;&#x10DA;&#x10D8;</subfield>
  </datafield>
  <datafield tag="942" ind1=" " ind2=" ">
    <subfield code="2">udc</subfield>
    <subfield code="c">&#x1CAC;&#x1C98;&#x1C92;&#x1C9C;&#x1C98;</subfield>
  </datafield>
  <datafield tag="952" ind1=" " ind2=" ">
    <subfield code="0">0</subfield>
    <subfield code="1">0</subfield>
    <subfield code="2">udc</subfield>
    <subfield code="4">0</subfield>
    <subfield code="6">6359479223_58_&#x10EA;98</subfield>
    <subfield code="7">0</subfield>
    <subfield code="9">102718</subfield>
    <subfield code="a">MPL</subfield>
    <subfield code="b">MPL</subfield>
    <subfield code="c">GEN</subfield>
    <subfield code="d">2025-04-24</subfield>
    <subfield code="g">5.00</subfield>
    <subfield code="o">635.9(479.223) :58 &#x10EA;-98</subfield>
    <subfield code="p">71211</subfield>
    <subfield code="r">2025-04-24</subfield>
    <subfield code="t">71211</subfield>
    <subfield code="u">&#x10DC;&#x10D0;&#x10E9;&#x10E3;&#x10E5;&#x10D0;&#x10E0;&#x10D8;</subfield>
    <subfield code="w">2025-04-24</subfield>
    <subfield code="y">&#x1CAC;&#x1C98;&#x1C92;&#x1C9C;&#x1C98;</subfield>
    <subfield code="z">5 &#x10DA;.</subfield>
  </datafield>
</record>
